Budgeting For Performance : Principles And Pratice / (Record no. 27226)

000 -LEADER
fixed length control field 00800nam a22002177a 4500
001 - CONTROL NUMBER
control field 0000003604
003 - CONTROL NUMBER IDENTIFIER
control field PPM
005 - DATE AND TIME OF LATEST TRANSACTION
control field 20260423153731.0
008 - FIXED-LENGTH DATA ELEMENTS--GENERAL INFORMATION
fixed length control field 260423b ||||| |||| 00| 0 eng d
020 ## - INTERNATIONAL STANDARD BOOK NUMBER
International Standard Book Number 9679933792
Terms of availability RM 45.00
Qualifying information Paperback
035 ## - SYSTEM CONTROL NUMBER
System control number 0000003604
040 ## - CATALOGING SOURCE
Language of cataloging Eng.
Transcribing agency Pusat Penyelidikan Mineral, Jabatan Mineral Dan Geosains Malaysia
Modifying agency PPM
Description conventions RDA
082 00 - DEWEY DECIMAL CLASSIFICATION NUMBER
Edition number 21
Classification number 352.48
Item number XAV 2001
100 1# - MAIN ENTRY--PERSONAL NAME
Personal name Xavier, John Anthony
Relator term author
245 10 - TITLE STATEMENT
Title Budgeting For Performance : Principles And Pratice /
Statement of responsibility, etc. by John Antony Xavier
260 #1 - PUBLICATION, DISTRIBUTION, ETC.
Place of publication, distribution, etc. Kuala Lumpur :
Name of publisher, distributor, etc. Institut Tadbiran Awam Negara ,
Date of publication, distribution, etc. 2001
300 00 - PHYSICAL DESCRIPTION
Extent xxxiv, 379 pages .:
Other physical details table, illustrations .;
Dimensions 22 cm
504 ## - BIBLIOGRAPHY, ETC. NOTE
Bibliography, etc. note Includes bibliographical references (p.: 369 - 375), indexs (p.: 377 - 379)
650 10 - SUBJECT ADDED ENTRY--TOPICAL TERM
Topical term or geographic name entry element Budget
942 ## - ADDED ENTRY ELEMENTS (KOHA)
Source of classification or shelving scheme
Koha item type Books
Holdings
Withdrawn status Lost status Source of classification or shelving scheme Damaged status Not for loan Collection code Permanent Location Current Location Shelving location Date acquired Cost, normal purchase price Total Checkouts Full call number Date last seen Price effective from Koha item type
Available         Open Shelf PPM PPM Open Shelf 23/04/2026 45.00   352.48 XAV 2001 23/04/2026 23/04/2026 Books